000
00215 a2200097 4500
001
11947
100
_a
London, kurt
245
_a
Unity and contradiction
260
_a
_b
Frederick a praejar
_c
090
_c
9201
_d
9201
942
_a
NUST-CAE
_c
M
_c
36047
999
_c
247020
_d
247020